<?xml version="1.0" encoding="UTF-8"?>
<record
    xmlns:xsi="http://www.w3.org/2001/XMLSchema-instance"
    xsi:schemaLocation="http://www.loc.gov/MARC21/slim http://www.loc.gov/standards/marcxml/schema/MARC21slim.xsd"
    xmlns="http://www.loc.gov/MARC21/slim">

  <leader>03010nam a22004697aa4500</leader>
  <datafield tag="952" ind1=" " ind2=" ">
    <subfield code="0">0</subfield>
    <subfield code="1">0</subfield>
    <subfield code="2">lcc</subfield>
    <subfield code="4">0</subfield>
    <subfield code="7">0</subfield>
    <subfield code="a">03</subfield>
    <subfield code="b">03</subfield>
    <subfield code="d">2016-11-25</subfield>
    <subfield code="l">0</subfield>
    <subfield code="o">HF5718 X53 2009</subfield>
    <subfield code="p">03 009285</subfield>
    <subfield code="r">2016-11-25</subfield>
    <subfield code="t">1</subfield>
    <subfield code="w">2016-11-25</subfield>
    <subfield code="y">LB</subfield>
  </datafield>
  <datafield tag="952" ind1=" " ind2=" ">
    <subfield code="0">0</subfield>
    <subfield code="1">0</subfield>
    <subfield code="4">0</subfield>
    <subfield code="7">0</subfield>
    <subfield code="a">04</subfield>
    <subfield code="b">04</subfield>
    <subfield code="d">2016-11-25</subfield>
    <subfield code="l">0</subfield>
    <subfield code="o">HF5718 X53 2009</subfield>
    <subfield code="p">04 006673</subfield>
    <subfield code="r">2016-11-25</subfield>
    <subfield code="t">1</subfield>
    <subfield code="w">2016-11-25</subfield>
    <subfield code="y">LB</subfield>
  </datafield>
  <datafield tag="952" ind1=" " ind2=" ">
    <subfield code="0">0</subfield>
    <subfield code="1">0</subfield>
    <subfield code="2">lcc</subfield>
    <subfield code="4">0</subfield>
    <subfield code="7">0</subfield>
    <subfield code="a">11</subfield>
    <subfield code="b">11</subfield>
    <subfield code="d">2016-12-02</subfield>
    <subfield code="l">0</subfield>
    <subfield code="o">HF5718 X53 2009</subfield>
    <subfield code="p">11 013300</subfield>
    <subfield code="r">2016-12-02</subfield>
    <subfield code="t">1</subfield>
    <subfield code="w">2016-12-02</subfield>
    <subfield code="y">HMAN</subfield>
  </datafield>
  <datafield tag="952" ind1=" " ind2=" ">
    <subfield code="0">0</subfield>
    <subfield code="1">0</subfield>
    <subfield code="2">lcc</subfield>
    <subfield code="4">0</subfield>
    <subfield code="7">0</subfield>
    <subfield code="a">22</subfield>
    <subfield code="b">22</subfield>
    <subfield code="d">2016-11-21</subfield>
    <subfield code="l">1</subfield>
    <subfield code="o">HF5718  X53 2009</subfield>
    <subfield code="p">22 001524</subfield>
    <subfield code="r">2018-05-26</subfield>
    <subfield code="s">2018-05-26</subfield>
    <subfield code="t">1</subfield>
    <subfield code="w">2017-01-11</subfield>
    <subfield code="y">LB</subfield>
  </datafield>
  <datafield tag="952" ind1=" " ind2=" ">
    <subfield code="0">0</subfield>
    <subfield code="1">0</subfield>
    <subfield code="2">lcc</subfield>
    <subfield code="4">0</subfield>
    <subfield code="7">0</subfield>
    <subfield code="a">21</subfield>
    <subfield code="b">21</subfield>
    <subfield code="d">2017-01-18</subfield>
    <subfield code="l">4</subfield>
    <subfield code="m">1</subfield>
    <subfield code="o">HF5718  X53</subfield>
    <subfield code="p">21 003510</subfield>
    <subfield code="r">2017-06-23</subfield>
    <subfield code="s">2017-06-20</subfield>
    <subfield code="t">1</subfield>
    <subfield code="w">2017-01-18</subfield>
    <subfield code="y">LB</subfield>
  </datafield>
  <datafield tag="952" ind1=" " ind2=" ">
    <subfield code="0">0</subfield>
    <subfield code="1">0</subfield>
    <subfield code="4">0</subfield>
    <subfield code="7">0</subfield>
    <subfield code="a">18</subfield>
    <subfield code="b">18</subfield>
    <subfield code="d">2017-01-23</subfield>
    <subfield code="l">1</subfield>
    <subfield code="o">HF5718  X54</subfield>
    <subfield code="p">18 004260</subfield>
    <subfield code="r">2018-05-25</subfield>
    <subfield code="s">2018-05-25</subfield>
    <subfield code="t">1</subfield>
    <subfield code="w">2017-01-23</subfield>
    <subfield code="y">LB</subfield>
  </datafield>
  <datafield tag="952" ind1=" " ind2=" ">
    <subfield code="0">0</subfield>
    <subfield code="1">0</subfield>
    <subfield code="4">0</subfield>
    <subfield code="7">0</subfield>
    <subfield code="a">19</subfield>
    <subfield code="b">19</subfield>
    <subfield code="d">2017-02-20</subfield>
    <subfield code="l">0</subfield>
    <subfield code="o">HF5718 X53 2009</subfield>
    <subfield code="p">19 002978</subfield>
    <subfield code="r">2017-02-20</subfield>
    <subfield code="t">1</subfield>
    <subfield code="w">2017-02-20</subfield>
    <subfield code="y">LB</subfield>
  </datafield>
  <datafield tag="952" ind1=" " ind2=" ">
    <subfield code="0">0</subfield>
    <subfield code="1">0</subfield>
    <subfield code="2">lcc</subfield>
    <subfield code="4">0</subfield>
    <subfield code="7">0</subfield>
    <subfield code="a">15</subfield>
    <subfield code="b">15</subfield>
    <subfield code="d">2016-11-21</subfield>
    <subfield code="l">2</subfield>
    <subfield code="o">659.2 X7c</subfield>
    <subfield code="p">15 008452</subfield>
    <subfield code="r">2019-06-17</subfield>
    <subfield code="s">2019-06-17</subfield>
    <subfield code="t">1</subfield>
    <subfield code="w">2017-03-22</subfield>
    <subfield code="y">LB</subfield>
  </datafield>
  <datafield tag="952" ind1=" " ind2=" ">
    <subfield code="0">0</subfield>
    <subfield code="1">0</subfield>
    <subfield code="2">lcc</subfield>
    <subfield code="4">0</subfield>
    <subfield code="7">0</subfield>
    <subfield code="a">08</subfield>
    <subfield code="b">08</subfield>
    <subfield code="d">2016-11-21</subfield>
    <subfield code="l">0</subfield>
    <subfield code="o">HF5718 X53 2009</subfield>
    <subfield code="p">08 006140</subfield>
    <subfield code="r">2017-07-24</subfield>
    <subfield code="t">1</subfield>
    <subfield code="w">2017-07-24</subfield>
    <subfield code="y">LB</subfield>
  </datafield>
  <datafield tag="952" ind1=" " ind2=" ">
    <subfield code="0">0</subfield>
    <subfield code="1">0</subfield>
    <subfield code="2">lcc</subfield>
    <subfield code="4">0</subfield>
    <subfield code="7">0</subfield>
    <subfield code="a">09</subfield>
    <subfield code="b">09</subfield>
    <subfield code="d">2017-08-01</subfield>
    <subfield code="l">0</subfield>
    <subfield code="o">HF5718 X53 2009</subfield>
    <subfield code="p">09 004818</subfield>
    <subfield code="r">2017-08-01</subfield>
    <subfield code="t">1</subfield>
    <subfield code="w">2017-08-01</subfield>
    <subfield code="y">LB</subfield>
  </datafield>
  <datafield tag="952" ind1=" " ind2=" ">
    <subfield code="0">0</subfield>
    <subfield code="1">0</subfield>
    <subfield code="4">0</subfield>
    <subfield code="7">0</subfield>
    <subfield code="a">01</subfield>
    <subfield code="b">01</subfield>
    <subfield code="d">2018-07-20</subfield>
    <subfield code="l">0</subfield>
    <subfield code="o">659.2 X403c</subfield>
    <subfield code="p">01 014623</subfield>
    <subfield code="r">2018-07-20</subfield>
    <subfield code="t">1</subfield>
    <subfield code="w">2018-07-20</subfield>
    <subfield code="y">LB</subfield>
  </datafield>
  <datafield tag="952" ind1=" " ind2=" ">
    <subfield code="0">0</subfield>
    <subfield code="1">0</subfield>
    <subfield code="4">0</subfield>
    <subfield code="7">0</subfield>
    <subfield code="a">01</subfield>
    <subfield code="b">01</subfield>
    <subfield code="d">2018-07-20</subfield>
    <subfield code="l">0</subfield>
    <subfield code="o">659.2 X403c</subfield>
    <subfield code="p">01 014624</subfield>
    <subfield code="r">2018-07-20</subfield>
    <subfield code="t">2</subfield>
    <subfield code="w">2018-07-20</subfield>
    <subfield code="y">LB</subfield>
  </datafield>
  <datafield tag="999" ind1=" " ind2=" ">
    <subfield code="c">101421</subfield>
    <subfield code="d">101421</subfield>
  </datafield>
  <controlfield tag="005">20231102152011.0</controlfield>
  <controlfield tag="008">161125s2009    sp ||||| |||| 00| 0 spa d</controlfield>
  <datafield tag="020" ind1=" " ind2=" ">
    <subfield code="a">9788483226117</subfield>
  </datafield>
  <datafield tag="050" ind1=" " ind2="4">
    <subfield code="a">HF5718</subfield>
    <subfield code="b">X53</subfield>
  </datafield>
  <datafield tag="082" ind1=" " ind2="4">
    <subfield code="a">659.2 </subfield>
    <subfield code="b">X403c</subfield>
  </datafield>
  <datafield tag="100" ind1="1" ind2=" ">
    <subfield code="a">Xifra, Jordi</subfield>
    <subfield code="e">autor</subfield>
  </datafield>
  <datafield tag="245" ind1="1" ind2="0">
    <subfield code="a">Casos de relaciones p&#xFA;blicas y comunicaci&#xF3;n corporativa</subfield>
    <subfield code="c"> / Jordi Xifra</subfield>
  </datafield>
  <datafield tag="260" ind1="3" ind2="0">
    <subfield code="a">Espa&#xF1;a</subfield>
    <subfield code="b"> : Pearson</subfield>
    <subfield code="c">, 2009</subfield>
  </datafield>
  <datafield tag="300" ind1=" " ind2=" ">
    <subfield code="a">185 p&#xE1;ginas</subfield>
  </datafield>
  <datafield tag="505" ind1="1" ind2=" ">
    <subfield code="a">El proceso de las relaciones p&#xFA;blicas
La comunicaci&#xF3;n interna
Las relaciones con los medios de comunicaci&#xF3;n social
Las relaciones con la comunidad
Las relaciones institucionales y el lobbismo
La comunicaci&#xF3;n financiera
Las relaciones con los consumidores
Las relaciones p&#xFA;blicas interculturales
Las relaciones con la comunidad</subfield>
  </datafield>
  <datafield tag="519" ind1=" " ind2=" ">
    <subfield code="a">Plan Flexible /</subfield>
    <subfield code="b">Administraci&#xF3;n /</subfield>
    <subfield code="c">Relaciones P&#xFA;blicas (P14-3) /</subfield>
    <subfield code="d">(03 009284)</subfield>
  </datafield>
  <datafield tag="519" ind1=" " ind2=" ">
    <subfield code="a">Educaci&#xF3;n Mixta /</subfield>
    <subfield code="b">Administraci&#xF3;n /</subfield>
    <subfield code="c">Relaciones P&#xFA;blicas (P14) /</subfield>
    <subfield code="d">(04 006673)</subfield>
  </datafield>
  <datafield tag="519" ind1=" " ind2=" ">
    <subfield code="a">Educaci&#xF3;n Mixta / </subfield>
    <subfield code="b">Administraci&#xF3;n / </subfield>
    <subfield code="c">Relaciones P&#xFA;blicas (P14) / </subfield>
    <subfield code="d">(22 001524)</subfield>
  </datafield>
  <datafield tag="519" ind1=" " ind2=" ">
    <subfield code="a">Educaci&#xF3;n Mixta / </subfield>
    <subfield code="b">Administraci&#xF3;n / </subfield>
    <subfield code="c">Relaciones P&#xFA;blicas (P14) / </subfield>
    <subfield code="d">(21 003510)</subfield>
  </datafield>
  <datafield tag="519" ind1=" " ind2=" ">
    <subfield code="a">Educaci&#xF3;n Mixta / </subfield>
    <subfield code="b">Administraci&#xF3;n / </subfield>
    <subfield code="c">Relaciones P&#xFA;blicas (P14-3) / </subfield>
    <subfield code="d">(18 004260)</subfield>
  </datafield>
  <datafield tag="519" ind1=" " ind2=" ">
    <subfield code="a">Educaci&#xF3;n Mixta /</subfield>
    <subfield code="b">Administraci&#xF3;n /</subfield>
    <subfield code="c">Relaciones P&#xFA;blicas (P14-3)</subfield>
    <subfield code="d">(19 002978)</subfield>
  </datafield>
  <datafield tag="519" ind1=" " ind2=" ">
    <subfield code="a">Plan Flexible /</subfield>
    <subfield code="b">Mercadotecnia /</subfield>
    <subfield code="c">Relaciones P&#xFA;blicas en l&#xED;nea (P12-2) / </subfield>
    <subfield code="d">(02 005570)</subfield>
  </datafield>
  <datafield tag="519" ind1=" " ind2=" ">
    <subfield code="a">Plan Flexible /</subfield>
    <subfield code="b">Mercadotecnia /</subfield>
    <subfield code="c">Relaciones P&#xFA;blicas en l&#xED;nea (P14-1) / </subfield>
    <subfield code="d">(08 006140)</subfield>
  </datafield>
  <datafield tag="519" ind1=" " ind2=" ">
    <subfield code="a">Educaci&#xF3;n Mixta / </subfield>
    <subfield code="b">Administraci&#xF3;n / </subfield>
    <subfield code="c">Relaciones P&#xFA;blicas (P14) / </subfield>
    <subfield code="d">(09 004818)</subfield>
  </datafield>
  <datafield tag="519" ind1=" " ind2=" ">
    <subfield code="a">Material Complementario /</subfield>
    <subfield code="d">(15 008452)</subfield>
  </datafield>
  <datafield tag="519" ind1=" " ind2=" ">
    <subfield code="a">Material Complementario /</subfield>
    <subfield code="d">(01 014623, 01 014624)</subfield>
  </datafield>
  <datafield tag="650" ind1="1" ind2="4">
    <subfield code="a">COMUNICACI&#xD3;N EN LA ADMINISTRACI&#xD3;N</subfield>
  </datafield>
  <datafield tag="650" ind1="2" ind2="4">
    <subfield code="a">COMUNICACI&#xD3;N EN LAS ORGANIZACIONES</subfield>
  </datafield>
  <datafield tag="700" ind1="1" ind2=" ">
    <subfield code="a">Lalueza, Ferran</subfield>
    <subfield code="e">autor</subfield>
  </datafield>
  <datafield tag="942" ind1=" " ind2=" ">
    <subfield code="c">LB</subfield>
    <subfield code="2">lcc</subfield>
  </datafield>
</record>
